Movies Based on TV Shows II Quiz Stats

 Plays Quiz Updated Jun 22, 2015

Challenge
Share
Tweet
Score 0/16 Timer 05:00
3 Plays Today
Movie % Correct
Yogi Bear
93.4%
The Lone Ranger
90.1%
George of the Jungle
86.7%
Transformers
85.6%
The Smurfs
82.2%
Underdog
80.5%
The Adventures of Rocky and Bullwinkle
75.9%
Masters of the Universe
60%
Movie % Correct
The Naked Gun
58.1%
Maverick
57.7%
Dragnet
50.8%
Dudley Do-Right
47.8%
Lost in Space
42.9%
Land of the Lost
37.2%
My Favorite Martian
31.6%
G.I. Joe: The Rise of Cobra
29.7%

You're not logged in!

Compare scores with friends on all Sporcle quizzes.
Join for Free
OR
Log In

You Might Also Like...

Show Comments

Extras

Top Quizzes Today


Score Distribution

Your Account Isn't Verified!

In order to create a playlist on Sporcle, you need to verify the email address you used during registration. Go to your Sporcle Settings to finish the process.

Report this User

Report this user for behavior that violates our Community Guidelines.

Details: